Countries by Tallest Hotel - Statistics

General Stats
  • This quiz has been taken 51 times
  • The average score is 6 of 10
Answer Stats
Hotel Height (metres) Country % Correct
St. Regis Chicago 365 United States
98%
Wuxi Maoye City - Marriott Hotel 304 China
96%
Gevora Hotel 356.3 United Arab Emirates
96%
Crown Sydney 271 Australia
71%
Raffles Hotel Jakarta 257 Indonesia
64%
Four Seasons Place Kuala Lumpur 343 Malaysia
60%
Baiyoke Tower II 309 Thailand
58%
Four Seasons Hotel Manama 270 Bahrain
47%
Ryugyong Hotel 330 North Korea
36%
JW Marriott Panama 284 Panama
16%
No matching quizzes found
Score Distribution
Percent of People with Each Score
Percentile by Number Answered
Your Score History
You have not taken this quiz